Statistics for Farsi Alphabet

Click here to take the quiz!

General Stats

  • This quiz has been taken 295 times
  • The average score is 24 of 36

Answer Stats

LatinFinalMedialInitialIsolated% Correct
bـبـبـبـب
84%
âـاا
81%
tـتـتـتـت
80%
ʾـأأ
79%
pـپـپـپـپ
78%
jـجـجـجـج
76%
ـحـحـحـح
75%
ʾN/AN/AN/Aء
73%
dـدد
73%
rـرر
73%
čـچـچـچـچ
72%
šـشـشـشـش
71%
sـسـسـسـس
71%
ـثـثـثـث
71%
zـزز
68%
lـلـلـلـل
67%
mـمـمـمـم
67%
y/ī/áـیـیـیـی
67%
nـنـنـنـن
66%
kـکـکـکـک
65%
tـطـطـطـط
65%
ـصـصـصـص
64%
gـگـگـگـگ
63%
ʾـئـئـئـئ
62%
ـذذ
62%
fـفـفـفـف
62%
v/ū/owـوو
62%
hـهـهـهـه
61%
ʾـؤؤ
59%
žـژژ
59%
zـضـضـضـض
56%
ġـغـغـغـغ
55%
ـظـظـظـظ
55%
ʿـعـعـعـع
54%
ـقـقـقـق
52%
xـخـخـخـخ
44%

Score Distribution

Percentile by Number Answered

Percent of People with Each Score

Your Score History

You have not taken this quiz